000 01335nam a2200265 i 4500
001 116780
003 ES-MaACL
005 20250402170213.0
008 061121s1951 sp |||| | spa d
100 1 _aOvejero Bustamante, Andrés,
_d1871-1954
_987998
245 1 0 _aIsabel I y la política africanista española
_b: (estudio de la Reina Católica en el marco de la tradición española de África) /
_cAndrés Ovejero Bustamante.
260 _aMadrid :
_bInstituto de Estudios Africanos,
_c1951.
300 _a279 p. ;
_c24 cm.
510 _aCCPB,
_c000239327-1
594 _aPrecede al tít.: Consejo Superior de Investigaciones Científicas.
600 0 4 _aIsabel
_bI,
_cReina de Castilla.
_9175419
651 4 _aEspaña-
_xRelaciones-
_zÁfrica.
_9157092
651 4 _aÁfrica-
_xRelaciones-
_zEspaña.
_9161600
710 2 _aInstituto de Estudios Africanos.
_94881
852 _aES-MaACL
_jD-6519
_9121146
_bR.31908
_bR.M.6110
_cSVI
_fSello en tinta azul de la Biblioteca del Ateneo de Madrid
_gAnotación manuscrita en cubierta: "49"
_hSello en tinta: "Donativo"
_zEn cubierta: "2.ABR.1952"
_zEn cubierta: "PRECIO DEL EJEMPLAR PTAS."
942 _2udc
_cMONOGRAFIA
999 _c116780
_d116780